| 000 | 00360nam a22001457a 4500 | ||
|---|---|---|---|
| 003 | OSt | ||
| 005 | 20160727222407.0 | ||
| 008 | 160624b xxu||||| |||| 00| 0 eng d | ||
| 040 | _cTEST | ||
| 100 |
_9883 _aPerkins, D |
||
| 245 | _aEnglish Romantic Writers | ||
| 260 |
_aNEW YORK _bHARCOURT BRACE INC _c1967 |
||
| 300 | _aEnglish Romantic Writers | ||
| 942 |
_2ddc _cBK |
||
| 999 |
_c699 _d699 |
||